000 00436nam a2200181Ia 4500
001 11003
005 20260306161914.0
008 260306t2022||||xx |||||||||||||| ||spa||
041 _aESP
082 _a985.41
_bR75
100 _aRodríguez Carpio, Bernardino,
_eAUT
245 0 _aMollendo :
_bhistoria y vida
260 _c2022
300 _a547 páginas :
_c25 cm.
650 _aGEN
654 _aCHU
942 _cLIB
_dJUS
_fJUS
_2ddc
_n
999 _c11003
_d11003